LIBRARY ONLINE CATALOGUE

Anatomy & physiology : (Record no. 12250)

MARC details
000 -LEADER
fixed length control field 00815cam a22002412 4500
001 - CONTROL NUMBER
control field 0000024886
005 - DATE AND TIME OF LATEST TRANSACTION
control field 20151217155237.0
008 - FIXED-LENGTH DATA ELEMENTS--GENERAL INFORMATION
fixed length control field 140323s xx 000 0 eng d
020 ## - INTERNATIONAL STANDARD BOOK NUMBER
International Standard Book Number 0073054615 :
040 ## - CATALOGING SOURCE
Original cataloging agency KABU
Transcribing agency KABU
100 1# - MAIN ENTRY--PERSONAL NAME
Personal name McKinley, MMichael P.
-- 0000185141
245 10 - TITLE STATEMENT
Title Anatomy & physiology :
Remainder of title an integrative approach /
Statement of responsibility, etc. Michael P. McKinley, Valerie Dean O'Loughlin, Theresa Stouter Bidle.
250 ## - EDITION STATEMENT
Edition statement 1st ed.
260 ## - PUBLICATION, DISTRIBUTION, ETC. (IMPRINT)
Place of publication, distribution, etc. New York :
Name of publisher, distributor, etc. McGraw-Hill,
Date of publication, distribution, etc. 2013.
300 ## - PHYSICAL DESCRIPTION
Extent xxxviii, 1169 p.
650 #0 - SUBJECT ADDED ENTRY--TOPICAL TERM
Topical term or geographic name as entry element Human anatomy.
-- 0000155598
650 #0 - SUBJECT ADDED ENTRY--TOPICAL TERM
Topical term or geographic name as entry element Human physiology.
-- 0000155597
700 1# - ADDED ENTRY--PERSONAL NAME
Personal name O'Loughlin, Valerie Dean.
-- 0000185142
700 1# - ADDED ENTRY--PERSONAL NAME
Personal name Bidle, Theresa Stouter.
-- 0000185143
852 1# - LOCATION
-- p4995 KES
908 ## - PUT COMMAND PARAMETER (RLIN)
Put command parameter 140323
950 ## - LOCAL HOLDINGS (RLIN)
-- 1
Holdings
Withdrawn status Lost status Source of classification or shelving scheme Not for loan Home library Current library Date acquired Total Checkouts Total Renewals Full call number Barcode Date last seen Date last checked out Price effective from Koha item type
    Library of Congress Classification   Kabarak, Main Campus Kabarak, Main Campus 17/12/2015 34 15 QM25 .M33 2013 c. 1 017885 31/10/2025 02/10/2025 17/12/2015 General Collection